Normal view
MARC view
- Jamal khan,Prof Dr Muhammad
Entry Personal Name
001 - CONTROL NUMBER
- control field: 4694
003 - CONTROL NUMBER IDENTIFIER
- control field: NUST
005 - DATE AND TIME OF LATEST TRANSACTION
- control field: 20170920134437.0
008 - FIXED-LENGTH DATA ELEMENTS
- fixed length control field: 170920|| aca||aabn | a|a d
040 ## - CATALOGING SOURCE
- Original cataloging agency: NUST
- Transcribing agency: NUST
100 ## - HEADING--PERSONAL NAME
- Personal name: Jamal khan,Prof Dr Muhammad
670 ## - SOURCE DATA FOUND
- Source citation: Work cat.: (NUST): Jamal khan,Prof Dr Muhammad, 3rd National Seminar on Drainage in Pakistan:, 2004
